Prideľovanie prenosového média lokálnych sietí.
Výkonnosť lokálnej siete a prideľovanie kapacity prenosového média komunikujúcim staniciam. Zbernicové, hviezdicové a stromové lokálne siete. Slučkové lokálne siete. Siete s dvojitou zbernicou. Kruhové lokálne siete. Polygonálne LAN.
Salvato in:
| Autore principale: | |
|---|---|
| Natura: | Capitolo di libro |
| Lingua: | slovacco |
| Soggetti: | |
| Tags: |
Nessun Tag, puoi essere il primo ad aggiungerne!!
|
MARC
| LEADER | 00000naa a2200000 4500 | ||
|---|---|---|---|
| 001 | r005171 | ||
| 005 | 20221125080434.5 | ||
| 041 | 0 | |a slo | |
| 044 | |a [CS] | ||
| 245 | 1 | 0 | |a Prideľovanie prenosového média lokálnych sietí. |c M. Uličný |
| 520 | |a Výkonnosť lokálnej siete a prideľovanie kapacity prenosového média komunikujúcim staniciam. Zbernicové, hviezdicové a stromové lokálne siete. Slučkové lokálne siete. Siete s dvojitou zbernicou. Kruhové lokálne siete. Polygonálne LAN. | ||
| 610 | 2 | 0 | |a siete počítačové |
| 610 | 2 | 0 | |a siete dátové |
| 610 | 2 | 0 | |a LAN |
| 100 | 1 | |a Uličný, M. | |